Candidats à l’élection présidentielle 2002 en images - Statistiques

Statistiques générales
  • Ce quiz a été pris 83 fois
  • Le résultat moyen est 11 sur 16
Statistiques - réponses
Par images Réponse % Correct
Christiane Taubira
100%
Jacques Chirac
100%
Jean-Marie Le Pen
100%
François Bayrou
99%
Lionel Jospin
96%
Arlette Laguiller
81%
Olivier Besancenot
76%
Robert Hue
75%
Christine Boutin
71%
Noël Mamère
63%
Jean-Pierre Chevènement
61%
Bruno Mégret
47%
Alain Madelin
42%
Corinne Lepage
29%
Jean Saint-Josse
21%
Daniel Gluckstein
19%
Aucun quiz correspondant
Distribution des résultats
% des personnes avec chaque résultat
Percentile par nombre de réponses
Votre historique - résultats
Vous n’avez pas pris ce quiz